000
00255nam a22001217a 4500
041
_a
ENG
100
_a
Shukla.B.C
245
_a
Oilseeds Processing Technology
260
_a
India
_b
CIAE
_c
1992
300
_a
270
650
_a
APE
856
_u
APE (10 )
999
_c
1760
_d
1760